01525nam a2200313 a 4500001001000000003000900010005001700019008004100036020001800077040002500095041003800120082001800158100003900176245030800215246009600523260006800619300006300687500006000750500011700810504002800927546003500955600003600990600002901026650003001055650003201085700003601117700003601153700002201189000003710DO-SdBNP20240610140528.0090713s2008 dr ac r 001 p spa d a9780981741611 aDO-SdBNPbspacBNPHU17aspaheng2código de idioma MARC aPR861.44bQ6u1 aQuiles Rodríguez, Carlos,b1952-10aUn boricua en la luna : Juan Antonio Corretjer en la comunidad puertorriqueña de Chicago = A Puerto Rican on the moon : Juan Antonio Corretjer in the Puerto Rican community of Chigago /cCarlos Aquiles Rodríguez ; introducción Carlos Alberto Torres, Oscar López Rivera ; traducción Jan Susler.10aA Puerto Rican on the moon: Juan Antonio Corretjer in the Puerto Rican community of Chicago a[Puerto Rico] :bMariana Editores,c2008eSanto DomingofBúho a[xiv], 37, 55 p. de retrs, [xiv], 24 p. :bretr. ;c23 cm. a"Proyecto del Taller del Pueblo."-- Verso de la portada aTitulo en español e inglés con paginación separada con numeración repetida en encuadernación invertida aBibliografía : p. 24. aTextos en español e inglés14aCORRETJER, JUAN ANTONIO,d1908-10aCorretjer, Juan Antonio. 4aPoesía puertorriqueña 4aLiteratura puertorriqueña12aAlberto Torres, Carloseintrod.12aLópez Rivera, Oscar,eintrod.12aSusler, Jan,etr.